| 000 | 01358nam a22004457a 4500 | ||
|---|---|---|---|
| 005 | 20240530110512.0 | ||
| 008 | 151208s2011 sy ao g b 000 0 ara d | ||
| 020 | _a9789933433130 | ||
| 040 | _aEG-CaGPL | ||
| 082 | 0 | 4 |
_221 _a121.3\ _bخ س |
| 100 | 0 | _aخزعل الماجدى | |
| 245 | 1 | 0 |
_aسحر البدايات : _bالتكوين فى ريعان فجرة / _cخزعل الماجدى |
| 250 | _aط1 | ||
| 260 |
_aدمشق : _bالنايا للدراسات و النشر و التوزيع ، _c2011 . |
||
| 300 |
_a416 ص : _bصور ؛ _c24 سم . |
||
| 504 | _aيشتمل على ارجاعات ببليوجرافية | ||
| 650 | 0 | 4 | _aالجيولوجيا |
| 650 | 0 | 4 | _aالارض |
| 650 | 0 | 4 | _aالجغرافيا الطبيعية |
| 650 | 0 | 4 | _aالكون |
| 650 | 0 | 4 | _aالحضارة |
| 650 | 0 | 4 | _aالعصر الحجرى |
| 650 | 0 | 4 | _aالزراعة |
| 650 | 0 | 4 | _aالنحت |
| 650 | 0 | 4 | _aالعمارة |
| 650 | 0 | 4 | _aالازياء |
| 650 | 0 | 4 | _aالمسرح |
| 650 | 0 | 4 | _aالموسيقى |
| 650 | 0 | 4 | _aالطب |
| 650 | 0 | 4 | _aالفلسفة |
| 650 | 0 | 4 | _aالسحر |
| 650 | 0 | 4 | _aالقانون |
| 650 | 0 | 4 | _aالطب |
| 650 | 0 | 4 | _aالفلك |
| 650 | 0 | 4 | _aالكيمياء |
| 650 | 0 | 4 | _aالفيزياء |
| 650 | 0 | 4 | _aالرياضيات |
| 942 |
_2ddc _cBK |
||
| 999 |
_c61696 _d61696 |
||